Commonhold and Leasehold Reform Act 2002 (Commencement No.1, Savings and Transitional Provisions) (England) Order 2002 (Record no. 103960)

MARC details
000 -LEADER
fixed length control field 01004cam a2200229 4500
008 - FIXED-LENGTH DATA ELEMENTS--GENERAL INFORMATION
fixed length control field 050126n2002 000 0 eng u
020 ## - INTERNATIONAL STANDARD BOOK NUMBER
International Standard Book Number 0110425324
035 ## - SYSTEM CONTROL NUMBER
System control number (Sirsi) u128628
041 ## - LANGUAGE CODE
Language code of text/sound track or separate title eng
245 ## - TITLE STATEMENT
Title Commonhold and Leasehold Reform Act 2002 (Commencement No.1, Savings and Transitional Provisions) (England) Order 2002
260 ## - PUBLICATION, DISTRIBUTION, ETC.
Place of publication, distribution, etc. London
Name of publisher, distributor, etc. HMSO
Date of publication, distribution, etc. 2002
490 ## - SERIES STATEMENT
Series statement SI
Volume/sequential designation 2002: 1912
520 ## - SUMMARY, ETC.
Summary, etc. This statutory instrument brings the following sections of the Commonhold and Leasehold Reform Act 2002 in relation to England into force 26 July 2002: ss114-120,125,127-128, 129-136, 137-147 160-161 and 162. View at www.legislation.hmso.gov.uk.
590 ## - LOCAL NOTE (RLIN)
Local note CLR
650 ## - SUBJECT ADDED ENTRY--TOPICAL TERM
Topical term or geographic name entry element COMMONHOLD AND LEASEHOLD REFORM ACT 2002
650 ## - SUBJECT ADDED ENTRY--TOPICAL TERM
Topical term or geographic name entry element LONG LEASES
650 ## - SUBJECT ADDED ENTRY--TOPICAL TERM
Topical term or geographic name entry element LEASEHOLDERS
650 ## - SUBJECT ADDED ENTRY--TOPICAL TERM
Topical term or geographic name entry element ENFRANCHISEMENT
690 ## - LOCAL SUBJECT ADDED ENTRY--TOPICAL TERM (OCLC, RLIN)
Topical term or geographic name as entry element LANDLORD AND TENANT-LEASEHOLD REFORM
856 ## - ELECTRONIC LOCATION AND ACCESS
Uniform Resource Identifier <a href="https://www.legislation.hmso.gov.uk/si/si2002/20021912.htm">https://www.legislation.hmso.gov.uk/si/si2002/20021912.htm</a>
Public note View the SI on the HMSO website...
942 ## - ADDED ENTRY ELEMENTS (KOHA)
Suppress in OPAC 0
Holdings
Withdrawn status Lost status Source of classification or shelving scheme Damaged status Not for loan Home library Current library Shelving location Date acquired Total Checkouts Full call number Barcode Date last seen Copy number Price effective from Koha item type
    Dewey Decimal Classification     Virtual Virtual Online 26/01/2005   ONLINE PUBLICATION 128628-2001 06/08/2019 1 06/08/2019 Book